Ethics: A Systematic and Historical study (Record no. 3948)

MARC details
000 -LEADER
fixed length control field 00392nam a22001457a 4500
008 - FIXED-LENGTH DATA ELEMENTS--GENERAL INFORMATION
fixed length control field 250623b |||||||| |||| 00| 0 eng d
020 ## - INTERNATIONAL STANDARD BOOK NUMBER
ISBN 9782427748
100 ## - MAIN ENTRY--AUTHOR
Author Omoregbe Joseph .I.
245 ## - TITLE STATEMENT
Title Ethics: A Systematic and Historical study
250 ## - EDITION STATEMENT
Edition statement 3rd
260 ## - PUBLICATION, DISTRIBUTION, ETC. (IMPRINT)
Place of publication Lagos
Name of publisher JOJA Educational Research and Publishers
Date of publication 2018
300 ## - COLLATION
Pagination 279p
942 ## - ADDED ENTRY ELEMENTS (KOHA)
Item type Books
050 ## - LIBRARY OF CONGRESS CALL NUMBER
Classification number BJ 10.M6
Item number .O46
Holdings
Source of classification or shelving scheme Not for loan Permanent location Current location Date acquired Accession No. Full call number Barcode. Koha item type
Library of Congress Classification   Samuel Ogbemudia Main Library, University of Abuja Samuel Ogbemudia Main Library, University of Abuja 06/23/2025 2023/61754 BJ 10.M6 .O46 2025-2649 Books